Estatísticas para Londres

Clique aqui para jogar o quiz

Estatísticas Gerais

  • Esse quiz foi jogado 23 vezes
  • A pontuação média é 5 de 15

Estatísticas das Respostas

Resposta% Correto
Rainha
84%
Princesa Diana
58%
Elizabeth Tower
47%
London Eye
47%
Metro
47%
Tower Bridge
42%
Palácio de Buckingham
37%
Cabine telefónica
32%
Torre de Londres
32%
Piccadilly Circus
26%
Hyde Park
21%
Madame Tussauds
16%
Museu Britânico
16%
Westminster Abbey
11%
Beefeater
5%

Distribuição das Pontuações

Percentil de Números Respondidos

Porcentagem de Pessoas com Cada Pontuação

Sua Pontuação Histórica

Você não jogou esse quiz